The complete photo guide to slipcovers

Bibliographic Details
Format: Book
Published: Singapore : Page One Publishing , 2007
Subjects:

MARC

LEADER 00000cam a2200000 7i4500
001 0000025277
005 20090217.0
008 090217
020 |a 9812454373 
090 0 0 |a 646.21   |b COM 
245 1 0 |a The complete photo guide to slipcovers 
260 |a Singapore :   |b Page One Publishing ,   |c 2007 
650 0 |a Sewing 
650 0 |a Slipcovers   |x technique 
650 0 |a Slipscovers 
999 |a 0001038946   |b Book   |c Adult Collection   |e Perbadanan Perpustakaan Awam Johor 
999 |a 0001061807   |b Book   |c Adult Collection   |e Perbadanan Perpustakaan Awam Johor